[Event "SV Ahlen 1 - SV Königsspringer Hamm 1"]
[Site "Regionalliga 2017/2018"]
[Date "2017.10.01"]
[Round "1.5"]
[White "Sporkert, Corina"]
[Black "Volesky, Alexander"]
[Result "0-1"]
[WhiteElo "1857"]
[BlackElo "1967"]
[PlyCount "94"]
[EventDate "2017.??.??"]

1. e4 c5 2. Nf3 e6 3. d4 cxd4 4. Nxd4 a6 5. b3 Nf6 6. Bd3 Bc5 7. Nf3 d6 8. O-O
h6 9. Nc3 Nc6 10. a3 O-O 11. Ne2 e5 12. h3 Be6 13. Ng3 Qd7 14. Kh2 Ne7 15. Nh4
Bd4 16. Rb1 d5 17. Be3 dxe4 18. Bxd4 Qxd4 19. Bxe4 Rad8 20. Qxd4 Rxd4 21. Nf3
Rxe4 22. Nxe4 Nxe4 23. Rfe1 Nc3 24. Rbc1 f6 25. Ng1 Kf7 26. Ne2 Nxe2 27. Rxe2
Nc6 28. c4 Rd8 29. b4 Rd3 30. Re3 Rd2 31. Kg1 Nd4 32. Kf1 Ra2 33. g4 Rb2 34.
Kg2 Ne2 35. Rd1 Bxc4 36. Rd7+ Kg6 37. Kf3 Bb5 38. Rc7 Bc6+ 39. Rxc6 Nd4+ 40.
Ke4 bxc6 41. f4 exf4 42. Kxf4 Rb3 43. Rxb3 Nxb3 44. Ke4 h5 45. Kd3 hxg4 46.
hxg4 Kg5 47. Kc4 Kxg4 0-1

[Event "SV Ahlen 1 - SV Königsspringer Hamm 1"]
[Site "Regionalliga 2017/2018"]
[Date "2017.10.01"]
[Round "1.6"]
[White "Busche, Klaus"]
[Black "Weimer, Eduard"]
[Result "1/2-1/2"]
[WhiteElo "1930"]
[BlackElo "2043"]
[Annotator "Daniel"]
[PlyCount "88"]
[EventDate "2017.??.??"]

1. d4 d5 2. Nf3 Nf6 3. e3 g6 4. c4 c6 5. Nc3 Bg7 6. Qb3 O-O 7. Be2 b6 8. O-O
Bb7 9. Rd1 Nbd7 10. cxd5 cxd5 11. Bd2 e6 12. Rac1 Ne4 13. Nxe4 dxe4 14. Ne1 Rc8
15. Rxc8 Qxc8 16. Rc1 Qb8 17. Bb5 Nf6 18. h3 Rc8 19. Rxc8+ Qxc8 20. Qc2 Qa8 21.
Qc7 a6 22. Ba4 b5 23. Bd1 Nd5 24. Qc1 a5 25. Be2 b4 26. Qc4 e5 27. Nc2 Ne7 28.
Qc7 exd4 29. Nxd4 Bxd4 30. exd4 Nf5 31. Be3 h5 32. Bc4 Bd5 33. Qc5 Bxc4 34.
Qxc4 Ne7 35. Qc5 $11 Nd5 36. Qd6 Kh7 37. Qe5 f5 38. Bg5 Qc6 39. Qb8 Qd7 40. Qf8
Qe6 41. Qb8 Qd7 42. Qe5 a4 43. Qb8 Kg7 44. Qe5+ Kh7 1/2-1/2

[Event "SV Ahlen 1 - SV Königsspringer Hamm 1"]
[Site "Regionalliga 2017/2018"]
[Date "2017.10.01"]
[Round "1.7"]
[White "Happel, Juergen"]
[Black "Starp, Klaus"]
[Result "1/2-1/2"]
[WhiteElo "1716"]
[BlackElo "1928"]
[PlyCount "32"]
[EventDate "2017.??.??"]

1. Nf3 c5 2. g3 g6 3. Bg2 Bg7 4. c4 Nc6 5. O-O e5 6. Nc3 Nge7 7. d3 d6 8. Bd2
O-O 9. Qc1 f5 10. Bg5 Be6 11. Nd5 Qd7 12. Nxe7+ Nxe7 13. Bh6 f4 14. Bxg7 Kxg7
15. e3 fxg3 16. fxg3 Bh3 1/2-1/2

[Event "SV Ahlen 1 - SV Königsspringer Hamm 1"]
[Site "Regionalliga 2017/2018"]
[Date "2017.10.01"]
[Round "1.8"]
[White "Dreesbach, Harald"]
[Black "Ittner, Ralf"]
[Result "1/2-1/2"]
[WhiteElo "1769"]
[BlackElo "1668"]
[PlyCount "45"]
[EventDate "2017.??.??"]

1. d4 d5 2. Nf3 c6 3. e3 Nf6 4. Bd3 g6 5. Nbd2 Nbd7 6. b3 Bg7 7. Bb2 O-O 8. O-O
Re8 9. Re1 Qc7 10. c4 e6 11. Rc1 dxc4 12. bxc4 c5 13. Qb3 b6 14. d5 Bb7 15. e4
e5 16. Bc3 Bh6 17. Qb2 Qd6 18. Rcd1 Nh5 19. g3 Bc8 20. Nf1 f6 21. Bd2 Bg7 22.
Qc1 Nf8 23. Kg2 1/2-1/2

[Event "SV Wattenscheid 2 - SV Welper 1"]
[Site "Regionalliga 2017/2018"]
[Date "2017.10.01"]
[Round "1.1"]
[White "Sohlmann, Jan-Henning"]
[Black "Schlehoefer, Ralf"]
[Result "0-1"]
[WhiteElo "2230"]
[BlackElo "2216"]
[PlyCount "110"]
[EventDate "2017.??.??"]

1. e4 e5 2. Nf3 Nc6 3. c3 d5 4. Qa4 f6 5. d3 Be6 6. Be2 Bc5 7. Nbd2 a6 8. d4
exd4 9. cxd4 Bb6 10. O-O Nge7 11. Re1 O-O 12. exd5 Nxd5 13. Ne4 Bf7 14. Bd2 Re8
15. Nc5 Qc8 16. Bd3 Nde7 17. Rac1 Rd8 18. Bb1 Bd5 19. Be4 Bxe4 20. Rxe4 Bxc5
21. dxc5 Kh8 22. Rce1 Ng6 23. Qc2 Qd7 24. Bc3 Re8 25. h4 Rxe4 26. Qxe4 Nge7 27.
h5 Qd5 28. h6 Qxe4 29. Rxe4 Nd5 30. Bd2 g5 31. b3 Kg8 32. Bc1 Kf7 33. Bb2 Re8
34. Rxe8 Kxe8 35. Nh2 Ncb4 36. a3 Nd3 37. Bd4 Nc1 38. Kf1 Nxb3 39. Bb2 Nxc5 40.
g3 Kf7 41. Ng4 Nd3 42. Ba1 Ke6 43. Ke2 Nc1+ 44. Kd1 Nb3 45. Bb2 Kf5 46. f3 c5
47. Nf2 Ne3+ 48. Ke2 Nc4 49. Bc3 Nxa3 50. Ne4 Nb5 51. Bxf6 N3d4+ 52. Ke3 Nc3
53. g4+ Kg6 54. Bxd4 cxd4+ 55. Kxd4 Nxe4 0-1

[Event "SV Wattenscheid 2 - SV Welper 1"]
[Site "Regionalliga 2017/2018"]
[Date "2017.10.01"]
[Round "1.2"]
[White "Buchenthal, Dieter"]
[Black "Fuellgrabe, Thomas"]
[Result "0-1"]
[WhiteElo "2111"]
[BlackElo "2223"]
[PlyCount "50"]
[EventDate "2017.??.??"]

1. c4 e5 2. e3 Nf6 3. h3 c6 4. Nf3 e4 5. Nd4 d5 6. cxd5 Qxd5 7. b3 c5 8. Nc2
Nc6 9. Bb2 Bf5 10. Be2 Ne5 11. Bxe5 Qxe5 12. g4 Be6 13. Bb5+ Nd7 14. Nc3 O-O-O
15. f4 exf3 16. Qxf3 h5 17. O-O-O Nf6 18. gxh5 Qxh5 19. Qf2 Qh4 20. Qg1 Ne4 21.
Ne2 a6 22. Bc4 Bxc4 23. bxc4 Nf2 24. Nf4 Bd6 25. Nd5 Nxh1 0-1

[Event "SV Wattenscheid 2 - SV Welper 1"]
[Site "Regionalliga 2017/2018"]
[Date "2017.10.01"]
[Round "1.3"]
[White "Kemna, Guido"]
[Black "Schroeder, Wilfried"]
[Result "1/2-1/2"]
[WhiteElo "2153"]
[BlackElo "2166"]
[PlyCount "115"]
[EventDate "2017.??.??"]

1. e4 c6 2. d4 d5 3. e5 c5 4. dxc5 Nc6 5. Bb5 e6 6. Be3 Bd7 7. Bxc6 Bxc6 8. Nf3
Nh6 9. Nd4 Qc7 10. c3 Bxc5 11. Nxe6 fxe6 12. Bxc5 Qxe5+ 13. Qe2 Qxe2+ 14. Kxe2
e5 15. f3 b6 16. Bf2 Bb5+ 17. Kd1 O-O 18. Nd2 Ng4 19. Bg1 Nf6 20. a4 Bd3 21. a5
Rfb8 22. Kc1 Rc8 23. Kd1 Nd7 24. Bf2 b5 25. Rc1 a6 26. Re1 Re8 27. Nb3 Rac8 28.
Kd2 Bg6 29. Ke2 Bf7 30. Nd2 Nc5 31. Bxc5 Rxc5 32. Kf2 Rc6 33. Nf1 Rf6 34. Kg1
Rf4 35. Rcd1 Ra4 36. Ra1 Rf4 37. Rad1 b4 38. Ne3 bxc3 39. bxc3 d4 40. cxd4 exd4
41. Nc2 Rd8 42. g3 Rxf3 43. Nxd4 Rf6 44. Nc6 Rxd1 45. Rxd1 Be8 46. Nb4 Bb5 47.
Nd5 Rf7 48. Nc3 Rd7 49. Rb1 Bc4 50. Rb4 Rc7 51. Ne4 Bd5 52. Nd6 Kf8 53. Rb6 Rc6
54. Kf2 Ke7 55. Nf5+ Kf6 56. Ne3 Ke5 57. Nxd5 Kxd5 58. Rb7 1/2-1/2

[Event "SV Wattenscheid 2 - SV Welper 1"]
[Site "Regionalliga 2017/2018"]
[Date "2017.10.01"]
[Round "1.4"]
[White "Koehn, Peter"]
[Black "Adiyaman, Rene"]
[Result "1-0"]
[WhiteElo "2163"]
[BlackElo "2115"]
[PlyCount "55"]
[EventDate "2017.??.??"]

1. c4 Nf6 2. Nc3 c6 3. e4 d6 4. d4 Nbd7 5. Nf3 c5 6. Be2 g6 7. O-O Bg7 8. e5
dxe5 9. dxe5 Nh5 10. g4 Nxe5 11. Qxd8+ Kxd8 12. gxh5 gxh5 13. Rd1+ Bd7 14. Be3
Rg8 15. Kf1 Rc8 16. Rd5 Ke8 17. Rad1 Bc6 18. Rxe5 Bxf3 19. Rg5 Bc6 20. Bxh5 Kf8
21. Ke2 Rh8 22. Bxc5 Bf6 23. Rf5 Ke8 24. Bd4 Bd7 25. Bxf6 exf6 26. Rxf6 Rc5 27.
Rfd6 Re5+ 28. Kf3 1-0

[Event "SV Wattenscheid 2 - SV Welper 1"]
[Site "Regionalliga 2017/2018"]
[Date "2017.10.01"]
[Round "1.5"]
[White "Linde, Wolfgang"]
[Black "Lang, Daniel"]
[Result "1/2-1/2"]
[WhiteElo "2078"]
[BlackElo "2058"]
[PlyCount "72"]
[EventDate "2017.??.??"]

1. e4 c5 2. c3 Nf6 3. e5 Nd5 4. d4 cxd4 5. cxd4 d6 6. Nf3 Nc6 7. Bc4 Nb6 8. Bb3
Bf5 9. Nc3 e6 10. O-O d5 11. Bg5 Qd7 12. Nh4 Bg6 13. a3 Na5 14. Ba2 Nac4 15.
Qe2 Be7 16. Bxe7 Qxe7 17. g3 O-O 18. Rac1 Rac8 19. Nxg6 hxg6 20. Bb1 Rc6 21. h4
Rfc8 22. Na2 Na5 23. Rcd1 Nbc4 24. Rd3 Rb6 25. Rc1 Rc7 26. b4 Nc6 27. Kg2 a5
28. h5 gxh5 29. Qxh5 g6 30. Qh6 Qf8 31. Qg5 axb4 32. axb4 Qd8 33. Qh6 Qf8 34.
Qg5 Qd8 35. Qh6 Qf8 36. Qg5 Qd8 1/2-1/2

[Event "SV Wattenscheid 2 - SV Welper 1"]
[Site "Regionalliga 2017/2018"]
[Date "2017.10.01"]
[Round "1.6"]
[White "Gohla, Ulf"]
[Black "Marx, Patrick"]
[Result "1-0"]
[WhiteElo "2120"]
[BlackElo "1953"]
[PlyCount "81"]
[EventDate "2017.??.??"]

1. d4 d5 2. c4 c6 3. Nf3 Nf6 4. Nc3 e6 5. e3 Be7 6. Qc2 Nbd7 7. Bd2 a6 8. Bd3
dxc4 9. Bxc4 b5 10. Bd3 c5 11. O-O Bb7 12. Ne4 c4 13. Nxf6+ Nxf6 14. Be2 Qd5
15. Rfd1 Rc8 16. Bf1 Bd6 17. h3 g5 18. Ne5 Rg8 19. Ng4 Nxg4 20. hxg4 Bb8 21.
Bb4 Rh8 22. f3 Qc6 23. e4 Qc7 24. e5 Ba7 25. Bd6 Qd8 26. a4 Bb6 27. axb5 axb5
28. b3 Bd5 29. bxc4 bxc4 30. Qa4+ Qd7 31. Qb4 Qd8 32. Rac1 f6 33. Bxc4 Bxc4 34.
Rxc4 Rxc4 35. Qxc4 Kf7 36. Qc6 h5 37. Qb7+ Kg6 38. exf6 Rh7 39. gxh5+ Kh6 40.
Qe4 Qxf6 41. Bf8+ 1-0

[Event "SV Wattenscheid 2 - SV Welper 1"]
[Site "Regionalliga 2017/2018"]
[Date "2017.10.01"]
[Round "1.7"]
[White "Teich, Udo"]
[Black "Schlange, Stefan"]
[Result "0-1"]
[WhiteElo "1910"]
[BlackElo "2076"]
[Annotator "Daniel"]
[PlyCount "112"]
[EventDate "2017.??.??"]

1. d4 d5 2. Nf3 c6 3. c4 e6 4. e3 Nf6 5. b3 Bd6 6. Bd3 O-O 7. O-O Nbd7 8. Bb2
b6 9. Nbd2 Bb7 10. Ne5 Qe7 11. Ndf3 Rac8 12. Qe2 h6 13. Rac1 Rfd8 14. Rfd1 Ba3
15. Nxd7 Rxd7 16. c5 Bxb2 17. Qxb2 Rdc7 18. b4 b5 19. Qc2 Ra8 20. a4 a6 21. Ra1
Nd7 22. Qc3 Rd8 23. Bc2 f6 24. e4 dxe4 25. Bxe4 Nf8 26. Re1 Qf7 27. axb5 axb5
28. Nd2 Rcd7 29. Nb3 Ng6 30. Na5 Ne7 31. h3 Ba8 32. Rad1 $11 e5 33. Nb3 f5 34.
Bc2 Nd5 35. Qb2 e4 36. Na5 Qf6 37. Bb3 Kh7 38. Bxd5 Rxd5 39. Nb3 Bb7 40. Qe2
Bc8 41. f3 exf3 42. Qxf3 f4 43. Re4 Rf8 44. Rde1 Rg5 45. Kh2 Qg6 46. Qf2 Rf6
47. d5 cxd5 48. Re5 Bf5 49. Rxd5 Qf7 50. Qd4 Rfg6 51. Re2 f3 52. gxf3 Rg3 53.
Rxf5 Qxf5 54. Qh4 Qxf3 55. Nd4 Rg2+ 56. Kh1 Qf1# 0-1

[Event "SV Wattenscheid 2 - SV Welper 1"]
[Site "Regionalliga 2017/2018"]
[Date "2017.10.01"]
[Round "1.8"]
[White "Schwebel, Markus"]
[Black "Sharma, Rakesh"]
[Result "1-0"]
[WhiteElo "2036"]
[BlackElo "1858"]
[PlyCount "41"]
[EventDate "2017.??.??"]

1. e4 c5 2. c3 Nc6 3. d4 cxd4 4. cxd4 d5 5. Nc3 dxe4 6. d5 Ne5 7. Bf4 Ng6 8.
Bg3 f5 9. Bb5+ Bd7 10. Nge2 Nf6 11. O-O a6 12. Bxd7+ Qxd7 13. Qb3 Nh5 14. f4
Nxg3 15. hxg3 b5 16. Rac1 e5 17. dxe6 Bc5+ 18. Kh2 Qa7 19. Rfd1 Ne7 20. Rd7 Qb6
21. Nd5 1-0

[Event "SF Essen-Katernberg  3 - SF Essen-Werde"]
[Site "Verbandsliga, Gruppe 1 2017/2"]
[Date "2017.09.17"]
[Round "1.1"]
[White "Roth, Markus"]
[Black "Villwock, Martin"]
[Result "1-0"]
[WhiteElo "2143"]
[BlackElo "2075"]
[PlyCount "79"]
[EventDate "2017.??.??"]

1. Nf3 d5 2. c4 d4 3. b4 f6 4. Na3 e5 5. Nc2 c5 6. bxc5 Bxc5 7. d3 Nc6 8. g3
Nge7 9. Bg2 Bg4 10. O-O O-O 11. h3 Bh5 12. Rb1 Rb8 13. Nd2 f5 14. Rb5 Qd6 15.
Nb3 b6 16. Nxc5 bxc5 17. Ba3 Rxb5 18. cxb5 Na5 19. Qd2 Qc7 20. Rc1 Rc8 21. e3
Qd8 22. exd4 exd4 23. Ne1 Bf7 24. Rxc5 Rxc5 25. Bxc5 Nd5 26. Bxd4 Nb7 27. Bxa7
Nd6 28. a4 f4 29. Nf3 Qc7 30. Bd4 Nf5 31. Be5 Qa7 32. Ng5 fxg3 33. Nxf7 Qxf7
34. fxg3 Nfe3 35. Bxd5 Nxd5 36. Qg5 h6 37. Qg4 Ne7 38. a5 Ng6 39. Qc8+ Kh7 40.
Qc7 1-0

[Event "SF Essen-Katernberg  3 - SF Essen-Werde"]
[Site "Verbandsliga, Gruppe 1 2017/2"]
[Date "2017.09.17"]
[Round "1.2"]
[White "Stratmann, Holger"]
[Black "ter Steeg, Marcus"]
[Result "1/2-1/2"]
[WhiteElo "1997"]
[BlackElo "2061"]
[PlyCount "27"]
[EventDate "2017.??.??"]

1. e4 d6 2. d4 Nf6 3. Nc3 g6 4. f4 Bg7 5. Nf3 c5 6. e5 Ng4 7. Bb5+ Bd7 8. e6
Bxb5 9. exf7+ Kf8 10. Nxb5 Qa5+ 11. Nc3 cxd4 12. Nxd4 Kxf7 13. Ndb5 Nf6 14. O-O
1/2-1/2

[Event "SF Essen-Katernberg  3 - SF Essen-Werde"]
[Site "Verbandsliga, Gruppe 1 2017/2"]
[Date "2017.09.17"]
[Round "1.3"]
[White "Berger, Konstantin"]
[Black "Gorainow, Nikita"]
[Result "1/2-1/2"]
[WhiteElo "2037"]
[BlackElo "1911"]
[Annotator "Daniel"]
[PlyCount "54"]
[EventDate "2017.??.??"]

1. e4 c5 2. c3 Nf6 3. e5 Nd5 4. d4 cxd4 5. Nf3 d6 6. cxd4 Nc6 7. Bc4 Nb6 8. Bb3
dxe5 9. d5 Na5 10. Nc3 g6 11. Nxe5 Nxb3 12. Qxb3 Bg7 13. Bf4 O-O 14. O-O e6 15.
d6 Qxd6 16. Rad1 Qe7 $11 17. a4 Nd5 18. Bg3 Rd8 19. Rfe1 Qc5 20. Ne4 Qb6 21.
Qf3 f6 22. Nc4 Qc6 23. b3 e5 24. Rc1 Qe8 25. Red1 Rb8 26. Bh4 g5 27. Bg3 b6
1/2-1/2

[Event "SF Essen-Katernberg  3 - SF Essen-Werde"]
[Site "Verbandsliga, Gruppe 1 2017/2"]
[Date "2017.09.17"]
[Round "1.4"]
[White "Kudelka, Josua"]
[Black "Claussen, Uwe"]
[Result "1-0"]
[WhiteElo "1906"]
[BlackElo "2029"]
[PlyCount "81"]
[EventDate "2017.??.??"]

1. c4 e6 2. g3 d5 3. Bg2 c6 4. Nf3 Nf6 5. O-O Be7 6. d4 Nbd7 7. Qc2 b6 8. cxd5
cxd5 9. Bf4 Ba6 10. Bc7 Qc8 11. Rc1 Qb7 12. Bf4 O-O 13. Nc3 Rfc8 14. Qd1 b5 15.
a3 Qb6 16. b4 Rc4 17. e3 Rac8 18. Na2 Ne4 19. h4 h6 20. h5 Nc3 21. Nxc3 Rxc3
22. Ne1 Qc6 23. e4 dxe4 24. Rxc3 Qxc3 25. Bxe4 Nf6 26. Bf3 Rd8 27. Be3 Nd5 28.
Bxd5 exd5 29. Rc1 Qb2 30. Nd3 Qa2 31. Qg4 Kf8 32. Qf5 Kg8 33. Rc7 Qb1+ 34. Kg2
Bf6 35. Bxh6 Re8 36. Bxg7 Re1 37. Bxf6 Rg1+ 38. Kf3 Qd1+ 39. Kf4 Qd2+ 40. Kg4
Qe2+ 41. f3 1-0

[Event "SF Essen-Katernberg  3 - SF Essen-Werde"]
[Site "Verbandsliga, Gruppe 1 2017/2"]
[Date "2017.09.17"]
[Round "1.5"]
[White "Huette, Stefan"]
[Black "Riesenbeck, Juergen"]
[Result "1-0"]
[WhiteElo "1982"]
[BlackElo "2003"]
[Annotator "Daniel"]
[PlyCount "56"]
[EventDate "2017.??.??"]

1. d4 Nf6 2. Bg5 d5 3. Nf3 e6 4. e3 c5 5. c3 cxd4 6. exd4 Be7 7. Nbd2 O-O 8.
Bd3 a5 9. O-O Bd7 10. Ne5 b5 11. f4 h6 12. Bh4 b4 13. Rf3 Nc6 14. Rg3 Nxe5 15.
fxe5 Ne8 16. Bxe7 Qxe7 17. Qh5 Kh8 18. Rf1 f5 19. exf6 Nxf6 20. Qe5 bxc3 21.
bxc3 Rac8 22. Nf3 Be8 23. Nh4 Rxc3 24. Nf5 Qc7 25. Nxg7 Qxe5 26. dxe5 Rxd3 27.
Nxe6 Rxg3 28. hxg3 Rg8 {ZAo} 1-0

[Event "SF Essen-Katernberg  3 - SF Essen-Werde"]
[Site "Verbandsliga, Gruppe 1 2017/2"]
[Date "2017.09.17"]
[Round "1.6"]
[White "Mueller-Clostermann, Bruno"]
[Black "Rehfeldt, Jens"]
[Result "1-0"]
[WhiteElo "2013"]
[BlackElo "1961"]
[Annotator "Daniel"]
[PlyCount "121"]
[EventDate "2017.??.??"]

1. d4 e6 2. c4 f5 3. g3 Nf6 4. Bg2 Bb4+ 5. Bd2 Bxd2+ 6. Nxd2 O-O 7. Qc2 d6 8.
e4 fxe4 9. Nxe4 Nc6 10. Nf3 Nb4 11. Nxf6+ Qxf6 12. Qc3 Nc6 13. O-O Bd7 14. Rae1
Rae8 $11 15. Qd2 Nd8 16. Qa5 Bc6 17. d5 b6 18. Qd2 Bd7 19. Ng5 e5 20. Ne4 Qg6
21. Re3 Nf7 22. b4 Nh6 23. Ra3 Ra8 24. c5 Bf5 25. Re1 Ng4 26. cxd6 cxd6 27. Rc3
Bxe4 28. Bxe4 Qh5 29. f3 Nf6 30. Qe2 h6 31. Rc6 Rad8 32. Kg2 Qg5 33. h4 Qh5 34.
Qd3 Qf7 35. Rec1 Nxe4 36. Qxe4 Qf6 37. Rc7 Rf7 38. R1c6 Rdf8 39. Rxf7 Rxf7 40.
Qg4 g6 41. h5 g5 42. Qe4 Kg7 43. a4 Rd7 44. g4 Re7 45. Rc8 Qf7 46. Rd8 Qf6 47.
b5 Rc7 48. Re8 Qf7 49. Re6 Rc5 50. Rxd6 Kf8 51. Qxe5 Rc2+ 52. Kg3 Qf4+ 53.
Qxf4+ gxf4+ 54. Kxf4 Rc4+ 55. Kf5 Rxa4 56. Rxh6 Kg7 57. Rg6+ Kh7 58. d6 Rd4 59.
Ke5 Rd1 60. Ke6 a5 61. bxa6 1-0

[Event "SF Essen-Katernberg  3 - SF Essen-Werde"]
[Site "Verbandsliga, Gruppe 1 2017/2"]
[Date "2017.09.17"]
[Round "1.7"]
[White "Bury, Tobias"]
[Black "Sauer, Bernd"]
[Result "1/2-1/2"]
[WhiteElo "1894"]
[BlackElo "1898"]
[PlyCount "45"]
[EventDate "2017.??.??"]

1. c4 c6 2. Nf3 d5 3. e3 Nf6 4. Nc3 e6 5. d4 Be7 6. Qc2 Nbd7 7. Bd3 O-O 8. O-O
Re8 9. Rd1 Nf8 10. Ne5 Bd7 11. f4 Rc8 12. c5 Rc7 13. Rf1 b6 14. b4 bxc5 15.
bxc5 Qa8 16. Bd2 Rb8 17. Rab1 Rxb1 18. Rxb1 Bc8 19. Rb3 N6d7 20. e4 Nxe5 21.
fxe5 Rb7 22. Qb1 Rxb3 23. Qxb3 1/2-1/2

[Event "SF Essen-Katernberg  3 - SF Essen-Werde"]
[Site "Verbandsliga, Gruppe 1 2017/2"]
[Date "2017.09.17"]
[Round "1.8"]
[White "Dette, Tim"]
[Black "Biermann, Klaus"]
[Result "1/2-1/2"]
[WhiteElo "1815"]
[BlackElo "1917"]
[PlyCount "35"]
[EventDate "2017.??.??"]

1. e4 c5 2. c4 Nc6 3. Nc3 g6 4. g3 Bg7 5. Bg2 e5 6. Nge2 Nge7 7. O-O d6 8. d3
O-O 9. f4 f5 10. Rb1 Nd4 11. Nxd4 exd4 12. Nd5 Rb8 13. b4 b6 14. b5 Bb7 15. a4
Re8 16. Re1 Rc8 17. Rb2 Nxd5 18. exd5 1/2-1/2

[Event "Sport Union Annen 1 - SV Mülheim-Nord 4"]
[Site "Verbandsliga, Gruppe 1 2017/2"]
[Date "2017.09.17"]
[Round "1.1"]
[White "Richters, Marc"]
[Black "Mainka, Gregor"]
[Result "0-1"]
[WhiteElo "1911"]
[BlackElo "2183"]
[PlyCount "32"]
[EventDate "2017.??.??"]

1. e4 e6 2. b3 d5 3. Bb2 dxe4 4. Nc3 Nf6 5. Qe2 Be7 6. Nxe4 Nbd7 7. g4 Nxe4 8.
Qxe4 Bf6 9. d4 c5 10. O-O-O cxd4 11. g5 Bxg5+ 12. f4 Bf6 13. Nf3 Nc5 14. Qe1 d3
15. Ba3 Qc7 16. Qe3 Nxb3+ 0-1

[Event "Sport Union Annen 1 - SV Mülheim-Nord 4"]
[Site "Verbandsliga, Gruppe 1 2017/2"]
[Date "2017.09.17"]
[Round "1.2"]
[White "Reinoehl, Christian"]
[Black "Schmidt, Kevin"]
[Result "1/2-1/2"]
[WhiteElo "2088"]
[BlackElo "1890"]
[PlyCount "46"]
[EventDate "2017.??.??"]

1. d4 d5 2. c4 e6 3. Nc3 Nf6 4. Bg5 Nbd7 5. e3 Be7 6. cxd5 exd5 7. Bd3 c6 8.
Nge2 Ne4 9. Bf4 Ndf6 10. f3 Nxc3 11. bxc3 Nh5 12. O-O Nxf4 13. Nxf4 O-O 14. e4
Bg5 15. Ne2 dxe4 16. fxe4 Bg4 17. h3 Be3+ 18. Kh2 c5 19. d5 Qd6+ 20. Kh1 Qh6
21. Kh2 Bf4+ 22. Kg1 Be3+ 23. Kh2 Bf4+ 1/2-1/2

[Event "Sport Union Annen 1 - SV Mülheim-Nord 4"]
[Site "Verbandsliga, Gruppe 1 2017/2"]
[Date "2017.09.17"]
[Round "1.3"]
[White "Kremer, Moritz"]
[Black "Wicht, Juergen"]
[Result "1/2-1/2"]
[WhiteElo "1857"]
[BlackElo "2051"]
[PlyCount "74"]
[EventDate "2017.??.??"]

1. Nf3 Nf6 2. g3 g6 3. b3 Bg7 4. Bb2 O-O 5. Bg2 d6 6. d4 Ne4 7. Nbd2 Nxd2 8.
Qxd2 c5 9. c4 Nc6 10. d5 Bxb2 11. Qxb2 Qa5+ 12. Nd2 Ne5 13. O-O b5 14. cxb5
Qxb5 15. Nf3 Nxf3+ 16. Bxf3 Rb8 17. Rab1 a5 18. e4 Ba6 19. Rfe1 a4 20. Be2 Qa5
21. Bxa6 Qxa6 22. Qc3 Rb4 23. Rbd1 axb3 24. axb3 Rfb8 25. Rd3 Qa2 26. Ree3 Ra8
27. e5 Qb1+ 28. Re1 Qa2 29. exd6 exd6 30. Qf6 Rxb3 31. Rxb3 Qxb3 32. Qxd6 Qc3
33. Qe7 Kg7 34. d6 Ra7 35. Qe5+ Qxe5 36. Rxe5 Ra1+ 37. Kg2 Rd1 1/2-1/2

[Event "Sport Union Annen 1 - SV Mülheim-Nord 4"]
[Site "Verbandsliga, Gruppe 1 2017/2"]
[Date "2017.09.17"]
[Round "1.4"]
[White "Herrmann, Uwe"]
[Black "Stoer, Agnes"]
[Result "1-0"]
[WhiteElo "1923"]
[BlackElo "1800"]
[PlyCount "45"]
[EventDate "2017.??.??"]

1. d4 Nf6 2. c4 Nc6 3. Nf3 e6 4. a3 b6 5. d5 exd5 6. cxd5 Ne7 7. Nc3 Ng6 8. e3
a6 9. Bd3 Bb7 10. Bc2 Bc5 11. O-O O-O 12. b4 Bd6 13. e4 Qe7 14. Nd4 c5 15. Nf5
Bxh2+ 16. Kxh2 Qe5+ 17. f4 Qxc3 18. Bd2 Ng4+ 19. Kh1 Qb2 20. Rb1 Qa2 21. Bb3
Qxa3 22. Qxg4 cxb4 23. Nd6 1-0

[Event "Sport Union Annen 1 - SV Mülheim-Nord 4"]
[Site "Verbandsliga, Gruppe 1 2017/2"]
[Date "2017.09.17"]
[Round "1.5"]
[White "Bartelt, Max Peter"]
[Black "Sondermann, Dirk"]
[Result "0-1"]
[WhiteElo "1822"]
[BlackElo "1803"]
[PlyCount "64"]
[EventDate "2017.??.??"]

1. d4 Nf6 2. Nf3 d5 3. g3 c6 4. Bg2 Bg4 5. O-O Nbd7 6. b3 e6 7. Bb2 Be7 8. Nbd2
O-O 9. c4 h6 10. Ne5 Nxe5 11. dxe5 Nd7 12. cxd5 cxd5 13. h3 Bh5 14. g4 Bg6 15.
e4 Nc5 16. Qe2 dxe4 17. Nxe4 Qd3 18. Rfe1 Bxe4 19. Bxe4 Qxh3 20. Rac1 Rac8 21.
Rc3 Qh4 22. Bg2 f5 23. exf6 Bxf6 24. Rxc5 Rxc5 25. Qxe6+ Kh8 26. Ba3 Bd4 27.
Re2 Bxf2+ 28. Rxf2 Qxf2+ 29. Kh1 Rc2 30. Qe4 Qh4+ 31. Kg1 Rxg2+ 32. Qxg2 Qe1+
0-1

[Event "Sport Union Annen 1 - SV Mülheim-Nord 4"]
[Site "Verbandsliga, Gruppe 1 2017/2"]
[Date "2017.09.17"]
[Round "1.6"]
[White "Hartung, Thomas"]
[Black "Vavro, Maximilian"]
[Result "1-0"]
[WhiteElo "1898"]
[BlackElo "1721"]
[PlyCount "109"]
[EventDate "2017.??.??"]

1. e4 e6 2. d4 d5 3. Nc3 Bb4 4. e5 c5 5. a3 Bxc3+ 6. bxc3 Nc6 7. Qg4 g6 8. Nf3
Nge7 9. Qf4 cxd4 10. cxd4 Qb6 11. c3 h6 12. Qf6 Rh7 13. Bd3 Bd7 14. h4 O-O-O
15. h5 Ng8 16. Qf4 g5 17. Qd2 f5 18. exf6 Rf7 19. Rb1 Qc7 20. Qb2 Nxf6 21. Bg6
Re7 22. O-O Be8 23. Re1 Bxg6 24. hxg6 Rg8 25. Ne5 Nxe5 26. dxe5 Ne4 27. c4 Kb8
28. Qd4 Rxg6 29. a4 Rg8 30. cxd5 exd5 31. Ba3 Qxe5 32. Qxe5+ Rxe5 33. f3 Rge8
34. fxe4 Rxe4 35. Rxe4 Rxe4 36. Bd6+ Kc8 37. Rb4 Rxb4 38. Bxb4 Kc7 39. g4 Kb6
40. Bf8 Ka5 41. Bxh6 Kxa4 42. Bxg5 Kb5 43. Bf6 Kc5 44. g5 Kd6 45. g6 Ke6 46. g7
Kf7 47. Kf2 a5 48. Ke3 a4 49. Kd4 a3 50. Kxd5 a2 51. Ba1 Kg8 52. Ke6 b5 53. Ke7
b4 54. Bb2 b3 55. Ba1 1-0

[Event "Sport Union Annen 1 - SV Mülheim-Nord 4"]
[Site "Verbandsliga, Gruppe 1 2017/2"]
[Date "2017.09.17"]
[Round "1.7"]
[White "Dezent, Ilia"]
[Black "Al Ali, Mohammad"]
[Result "1-0"]
[WhiteElo "1835"]
[BlackElo "1777"]
[PlyCount "95"]
[EventDate "2017.??.??"]

1. d4 g6 2. c4 Bg7 3. Nc3 d6 4. e4 f5 5. f4 fxe4 6. Nxe4 d5 7. Nc3 dxc4 8. d5
Bxc3+ 9. bxc3 b5 10. a4 Ba6 11. axb5 Bxb5 12. Bxc4 Bxc4 13. Qa4+ c6 14. Qxc4
Qxd5 15. Qe2 Nf6 16. Ba3 c5 17. Rd1 Qb3 18. Bb2 O-O 19. Nf3 Nc6 20. O-O Rad8
21. c4 Qb7 22. Qe6+ Kg7 23. Ne5 Rxd1 24. Rxd1 Nd8 25. Rxd8 Rxd8 26. Qf7+ Kh6
27. Ng4+ Nxg4 28. Qg7+ Kh5 29. Qxh7+ Nh6 30. g4+ Kxg4 31. Qxg6+ Kxf4 32. Qxh6+
Kf5 33. Qh3+ Kg5 34. Qg3+ Kf5 35. Qh3+ Kg5 36. Bc1+ Kf6 37. Qh6+ Kf7 38. Qh5+
Ke6 39. Qg4+ Kd6 40. Bf4+ Kc6 41. Qe6+ Rd6 42. Qe4+ Kb6 43. Qxb7+ Kxb7 44. Bxd6
exd6 45. h4 d5 46. h5 dxc4 47. Kf2 c3 48. Ke2 1-0

[Event "Sport Union Annen 1 - SV Mülheim-Nord 4"]
[Site "Verbandsliga, Gruppe 1 2017/2"]
[Date "2017.09.17"]
[Round "1.8"]
[White "Zadow, Ralf"]
[Black "Reinhardt, Raphael-Timon"]
[Result "1/2-1/2"]
[WhiteElo "1817"]
[BlackElo "1757"]
[PlyCount "47"]
[EventDate "2017.??.??"]

1. e4 c5 2. d4 cxd4 3. c3 d3 4. Bxd3 d6 5. Nf3 Nf6 6. h3 Nbd7 7. Qe2 b6 8. Bf4
Bb7 9. Nbd2 e6 10. Rd1 Be7 11. Nc4 d5 12. exd5 Nxd5 13. Nd6+ Bxd6 14. Bxd6 Rc8
15. Bb5 Nc7 16. Bxc7 Rxc7 17. Ne5 Bc8 18. Qd2 a6 19. Bxd7+ Bxd7 20. Qd6 Rb7 21.
Nc6 Qf6 22. O-O Qg5 23. Rfe1 Qc5 24. Ne5 1/2-1/2

[Event "SV Eichlinghofen 1 - SV Bottrop 1"]
[Site "Verbandsliga, Gruppe 1 2017/2"]
[Date "2017.09.17"]
[Round "1.1"]
[White "Stadtmann, Jens"]
[Black "Watzlawek, Markus"]
[Result "1/2-1/2"]
[WhiteElo "2128"]
[BlackElo "2073"]
[PlyCount "83"]
[EventDate "2017.??.??"]

1. c4 f5 2. d4 Nf6 3. g3 g6 4. Bg2 Bg7 5. Qb3 Na6 6. c5 Ne4 7. f3 Nf6 8. Nc3 b6
9. f4 c6 10. Nf3 bxc5 11. Ne5 e6 12. Nxc6 dxc6 13. Bxc6+ Bd7 14. Qxe6+ Kf8 15.
Bxd7 Qxd7 16. Qxa6 cxd4 17. Nd1 Rc8 18. O-O Kf7 19. Qd3 Rhe8 20. e3 dxe3 21.
Qxd7+ Nxd7 22. Bxe3 Bxb2 23. Rb1 Bf6 24. Rb7 Ke6 25. Bxa7 Kd6 26. Nf2 Kc6 27.
Rb3 Ra8 28. Rc1+ Kd6 29. Rd3+ Ke7 30. Rc7 Red8 31. Kf1 Ke6 32. a3 Be7 33. Nh3
h6 34. Ng1 Nf6 35. Rxd8 Rxd8 36. a4 Rd1+ 37. Ke2 Ra1 38. Rc4 Ra2+ 39. Kd3 Ne4
40. Ne2 Rd2+ 41. Ke3 Ra2 42. Nc1 1/2-1/2